000 00682nam a2200289Ia 4500
005 20260324115130.0
008 008 260324s9999 xx 000 0 eng d
020 _a9780429275654
037 _aEBOOK
040 _aCRL
040 _beng
040 _cCRL
041 _2eng
041 _aeng
084 _qCRL
100 _aTed G Lewis
_91153483
245 4 _aThe Signal
245 4 _bThe History of Signal Processing and How We Communicate
260 _bTaylor and Francis
260 _c2019
365 _a
365 _b210
856 _uhttp://www.taylorfrancis.com/books/9780429275654
942 _cEBOOK
999 _c1744133
_d1744133